000 00574nam a2200205Ia 4500
005 20250923145700.0
008 008 250917s9999 xx 000 0 eng d
037 _aTextual
040 _aDSWL
_beng
_cDSWL
041 _aeng
_2eng
084 _aX:77.43, N77
_qDSWL
100 _aUppal, J.S.
_9837901
245 0 _aEconomic development in South Asia
_c by J.S.Uppal
260 _aNew York
_b St. Martins Press
_c1977
300 _aix,212 p.
365 _aINR
_b80.87
925 _g80.87
942 _cTEXL
_hX:77.43, N77
999 _c1454306
_d1454306